00498nam a22001097a 4500008004100000040005500041080002700096245018700123260005400310300001300364650001100377230426b |||||||| |||| 00| 0 eng d aNational Science LibrarycNational Science Library a528.71(1-773)(047)bL7 aResource sensing from space: bProspects for developing countriescReport of the ad hoc committee on remote..................................................National Research Council aWashington: bNational Academy of Science, c1977 av, 202p. aReport